Fast typing clothing brand names. - Statistics

General Stats
  • This quiz has been taken 165 times
  • The average score is 7 of 15
Answer Stats
Picture Answer % Correct
Nike
85%
Supreme
82%
Adidas
80%
Chanel
71%
Rolex
65%
New Balance
63%
Converse
60%
Gucci
58%
Prada
45%
Vans
43%
Jordan
39%
Burberry
19%
Sketchers
19%
Hermes
11%
Fossil
8%
No matching quizzes found
Score Distribution
Percent of People with Each Score
Percentile by Number Answered
Your Score History
You have not taken this quiz